000 01228nam a2200229 4500
001 vtls003064172
003 MY-SjTCS
005 20200219014734.0
008 070920s2006 my a t 000 0 eng
039 9 _a201809071427
_bVLOAD
_c201809071233
_dVLOAD
_y200709200918
_zfadilah
082 0 4 _aH081
245 0 0 _aTechnical industrial study
_pBDH 16
_n(SI-SY)
260 _cJune, 2005
300 _a1 v. (various pagings)
_bill. ;
_c30 cm.
500 _aCover title
500 _aTechnical industrial reports submitted to Taylor's College, School of Hospitality and Tourism.
505 _aA study on the Echelon Club membership program in Federal Hotel, Kuala Lumpur / Silvia Boen - The important of employee benefits and rewards / Sun Cheng Yip - Evaluation on service, staff performance and attitude, menu and adverting activities / Sylvia Siaw Hong Ha.
610 2 0 _aTaylor's College.
_bSchool of Hospitality and Tourism
700 1 _aBoen, Silvia.
_tStudy on the Echelon Club membership program in Federal Hotel, Kuala Lumpur.
700 1 _aSun, Cheng Yip.
_tImportant of employee benefits and rewards.
700 1 _aSiaw, Sylvia Hong Ha.
_tEvaluation on service, staff performance and attitude, menu and adverting activities.
999 _c70810